00549cam a22002171a 4500001001300000003000400013005001700017008004100034010001700075025002000092035002000112040001700132042001200149050001900161100001900180245004500199250001900244260003100263300002000294999001700314sa 68016022 DLC20260227112651.0950323s1966 io 000 1 jav  asa 68016022  aPL480:Indo-4965 a(OCoLC)32192589 aDLCcWUdDLC apremarc00aPL5179.W5bK841 aWidajat, Widi.10aKurban asmara /cgambar: Jono S. Wijono. aTjap-Tjapan 1. aSala :bP. Kondang,c1966. a38 p. ;c14 cm. c86869d86869